000 01144nam0a22002771 4500
001 rc\4132255
005 20250611002727.0
035 _a(NLR Aleph) 007985514
090 _a8546346
_c8546346
100 _a20130415d1951 |||y0rusy50 ca
101 0 _arus
102 _aRU
105 _aa z |||||
200 1 _aЭксплуатация паровозов и паровозное хозяйство на фронтовых железных дорогах
_fВоен.-трансп. акад. им. Л.М. Кагановича. Учеб. отд.
210 _aЛенинград
_cБ. и.
_d1951
215 _a356 с., 2 л. ил.
_cил.
_d22
300 _aПеред загл. авт.: К.Н. Козьмин, доц., канд. техн. наук, майор, А.М. Мудрук доц., канд. техн. наук, инж.-подполк.
333 _aДСП. Экз. № 15
700 1 _aКозьмин
_bК.Н.
_gКонстантин Николаевич
701 1 _aМудрук
_bА.М.
801 0 _aRU
_bNLR
_gpsbo
801 1 _aRU
_bELAR
_2rusmarc
852 _aNLR
_j50К/607
852 _aNLR
_j50К/613
942 _cBOOK
980 _aNB